Desigualdad y pobreza en América Latina /
Guardado en:
| Autor principal: | |
|---|---|
| Formato: | Texto |
| Publicado: |
México:
FLACSO
|
| Etiquetas: |
Agregar Etiqueta
Sin Etiquetas, Sea el primero en etiquetar este registro!
|
MARC
| LEADER | 00000 a a2200000 04500 | ||
|---|---|---|---|
| 001 | 46324 | ||
| 003 | |||
| 040 | |||
| 100 | |a Lustig, Nora | ||
| 245 | |a Desigualdad y pobreza en América Latina / |c Nora Lustig | ||
| 260 | |a México: |b FLACSO | ||
| 773 | |g 89-116 páginas | ||
| 999 | |c 22483 |d 22483 | ||
